Quizzes
Events
Quiz Creation
Community
Videos
Private Events
Remove Ads
Sign In
Join for FREE
Feedback
Dark Mode
Quiz Categories
Sports
Geography
Music
Movies
Television
Just For Fun
Miscellaneous
History
Literature
Language
Science
Gaming
Entertainment
Religion
Holiday
For Kids
Quiz Lab
Recent
Popular Today
Quiz Kudos Today
Editor Picks
Curator Picks
Quizzes by...
Day
Popularity
Type
Ratings
Length
Year
Community
Subscriptions
Recent Discussions
Orange Saloon
Badges
Playlists
Quests
Create
Leaderboards
Showdown
Live 5
Trivia Bingo
Activity
Puzzle Library
Sporcle Events
Private Events
Virtual Trivia
Globe League
Become a Host
Pub Owners
SporcleCon
Opinionation
Our Games
Videos
Blog
Mobile Apps
Partnerships
Remove Ads and Go Orange
Feedback
Television
TV Characters
TV Show
Sitcom
Network
Friends
Reality Shows
Cast
South Park
Star Trek
The Simpsons
Doctor Who
Television
TV Characters
TV Show
Sitcom
Network
Friends
Reality Shows
Cast
South Park
Star Trek
The Simpsons
Doctor Who
Random Quiz
Search Sporcle
×
Quiz Lab
Quiz Lab
Television
Animation
Type in answers that appear in a list
Type in answers that appear in a list
Classic
Best Score? Go Orange.
Pictures The Simpsons: Name The Celebrity Stats
Can you name the Pictures The Simpsons: Name The Celebrity?
By
ArturoSagahon
4m
18 Questions
5,054 Plays
5,054 Plays
5,054 Plays
Comments
Comments
Give Quiz Kudos
Give Quiz Kudos
-
- Ratings
hide this ad
More Info
Replay
Link that replays current quiz
Next Quiz
Link to next quiz in quiz playlist
You Got
0%
They Got
Avg Score
57%
Avg Friend Score
Upgrade to see
Score Distribution
Jump to the score distribution portion of the page
Score
0/18
Timer
04:00
0
Plays Today
Number
Guest
% Correct
6
Elton John
84.8%
12
Paul McCartney
79.6%
13
James Brown
76.3%
9
Britney Spears
75.9%
1
Ringo Starr
75.6%
17
Tom Jones
65.2%
2
Dolly Parton
64.7%
8
Lucy Lawless
62.8%
15
Barry White
60%
Number
Guest
% Correct
7
Mark Hamill
59.6%
5
Mel Gibson
56.4%
3
Alfred Hitchcock
50.7%
14
Elizabeth Taylor
48%
16
Vincent Price
40.3%
11
Peter Frampton
34.6%
18
Elvis Costello
33.3%
4
James Stewart
30.7%
10
David Crosby
30.3%
Quiz Playlist
Details
Report
Send in Message
Add To Playlist
More Info:
Name the Celebrity in the picture.
Classic:
Type in answers that appear in a list
Quiz Source
Last Updated: Apr 5, 2018
Quiz Scoreboard
CHALLENGE
Sign Up to Join the Scoreboard
Show All
Scores
Hide
Comments
May contain spoilers
Recently Published
Movies - When Are They Set?
by FPL_Elf
Movies
5m
Popular People in 1961
by mucciniale
History
6m
1-10 Letter E Words III
by El_Dandy
Language
2m
More to Explore
Quiz From the Vault
Featured Blog Post
Where Did the Easter Bunny Come From?
hide this ad
You Might Also Like...
Tags
Animation Quiz
Numbers Quiz
The Simpsons Quiz
guest
Image Quiz
special
Today's Top Quizzes in Television
Browse Television
hide this ad
Today's Top Quizzes in Animation
Browse Animation
Top Contributed Quizzes in Television
1
One Piece Logic Puzzle
2
Survivor Logic Puzzle: Heroes vs. Villains
3
Survivor Seasons
4
Survivor Season by Logo
5
Survivor Trivia
6
Survivor Logic Puzzle: Winners at War
7
Ultimate Survivor Logic Puzzle
8
Phoebe Buffay Quotes
9
One Thing in Common: Television
10
Who Wants to Be a Millionaire?
Explore More
Trending Topics
NBA
Marvel
Crossword
Kpop
Harry Potter
Disney
Anime
Soccer
WWE
NFL
Song
Puzzle
Country
The Office
Pokémon
hide this ad
More By:
ArturoSagahon
Quiz
Plays
Rating
Category
Featured
Created
Homer Simpson Jobs
2,987
3.85
Television
Dec 7, 2009
Friday The 13th Jason Used Items To Kill
2,205
2.36
Movies
Jan 1, 2010
Mixed Up: SPORCLE (In Spanish)
1,272
4.13
Language
Jan 1, 2010
Bleach - Arrancar Zanpakutō
1,125
4.13
Television
Dec 4, 2009
The Simpsons Name The Song
562
3.88
Television
Dec 5, 2009
Go to Creator's Profile
Score Distribution
Quiz Creator Spotlight
ArturoSagahon
Follow
Send a Message
Quizzes Created
-
Created Quiz Play Count
-
More By This Creator
Popular Quizzes Today
1
Find the US States - No Outlines Minefield
2
Find the Countries of Europe - No Outlines Minefield
3
The Countries of the World
4
Popular People in 1961
5
1-10 Letter E Words III
6
US States
7
Find the US States
8
One Thing in Common: World Cities II
More Television Quizzes
Missing Word in Movies: Friends
Quiz Lab
Trending Quizzes
Risky Map Clicking: Least Populous States A-Z
1-10 Letter F Words
1-10 Letter G Words
One Thing in Common: United Kingdom
Risky Map Clicking: Next State Alphabetically
Recently Updated
Leaping Animals
pecheneg
Reality TV Shows (A-Z)
bhenderson79
Rickey Henderson's Hall of Fame Teammates
pecheneg
Champions League XIs: Arsenal
pecheneg
Quick Pick: Celebrities in WWE's Hall of Fame
aduchscher
A-Z Keypad Blitz II
pecheneg
Multiple Oscar Actors
pecheneg
Mystery Phrase Blitz: Oscar 'Best Actors'
pecheneg
F. Scott Fitzgerald Novels
LTH
Pick 3 Villains
ddd62291
Trending Topics
Anime
NBA
Harry Potter
Marvel
Kpop
Disney
Crossword
Soccer
Puzzle
Country
The Office
Song
Pokémon
WWE
NFL
Your Account Isn't Verified!
In order to create a playlist on Sporcle, you need to verify the email address you used during registration. Go to your
Sporcle Settings
to finish the process.
Report this User
Report this user for behavior that violates our
Community Guidelines
.
Details:
Send Report
Go to the Sporcle.com Mobile Site →
Comments